[Event "GER-ch Blitz 2019"]
[Site "Magdeburg"]
[Date "2019.05.25"]
[Round "6.10"]
[White "Feuerstack, Aljoscha"]
[Black "Hirneise, Jens"]
[Result "1-0"]
[WhiteElo "2441"]
[BlackElo "2375"]
[Annotator "NA"]
[PlyCount "67"]
[EventDate "2019.05.25"]
[EventType "tourn"]
[EventCountry "GER"]
[Tiebreak "Number of wins+Number of black wins"]
[SourceTitle "playchess.com"]
[Source "ChessBase"]
[SourceQuality "1"]
[TimeControl "180+2"]

1. e4 {[%emt 0:00:00]} c5 {[%emt 0:00:00]} 2. c3 {[%emt 0:00:00]} Nf6 {[%emt 0:
00:00]} 3. e5 {[%emt 0:00:01]} Nd5 {[%emt 0:00:00]} 4. Nf3 {[%emt 0:00:00]} Nc6
{[%emt 0:00:01]} 5. Bc4 {[%emt 0:00:01]} Nb6 {[%emt 0:00:01]} 6. Bb3 {[%emt 0:
00:01]} d5 {[%emt 0:00:01]} 7. exd6 {[%emt 0:00:01]} Qxd6 {[%emt 0:00:01]} 8.
O-O {[%emt 0:00:02]} Be6 {[%emt 0:00:12]} 9. Bxe6 {[%emt 0:00:04]} Qxe6 {
[%emt 0:00:03]} 10. a4 {[%emt 0:00:01]} Qd7 {[%emt 0:00:21]} 11. a5 {[%emt 0:
00:02]} Nc8 {[%emt 0:00:07]} 12. a6 {[%emt 0:00:05]} b6 {[%emt 0:00:07]} 13.
Na3 {[%emt 0:00:03]} e6 {[%emt 0:00:06]} 14. Qa4 {[%emt 0:00:51]} Be7 {[%emt 0:
00:15]} 15. d4 {[%emt 0:00:02]} O-O {[%emt 0:00:38]} 16. Rd1 {[%emt 0:00:22]}
Rd8 {[%emt 0:00:12]} 17. Nb5 {[%emt 0:00:28]} cxd4 {[%emt 0:00:33]} 18. Bf4 {
[%emt 0:00:07]} Nd6 {[%emt 0:00:15]} 19. Bxd6 {[%emt 0:00:26]} Bxd6 {[%emt 0:
00:02]} 20. Nfxd4 {[%emt 0:00:01]} Be7 {[%emt 0:00:25]} 21. h3 {[%emt 0:00:30]}
g6 {[%emt 0:00:08]} 22. Nxc6 {[%emt 0:00:04]} Qxc6 {[%emt 0:00:02]} 23. Rxd8+ {
[%emt 0:00:06]} Bxd8 {[%emt 0:00:05]} 24. Nd4 {[%emt 0:00:05]} Qd5 {[%emt 0:00:
06]} 25. Qc6 {[%emt 0:00:02]} Qxc6 {[%emt 0:00:05]} 26. Nxc6 {[%emt 0:00:01]}
Bf6 {[%emt 0:00:02]} 27. Rd1 {[%emt 0:00:01]} Rc8 {[%emt 0:00:03]} 28. Nxa7 {
[%emt 0:00:02]} Ra8 {[%emt 0:00:00]} 29. Rd7 {[%emt 0:00:00]} Kf8 {[%emt 0:00:
02]} 30. Rb7 {[%emt 0:00:04]} Ke8 {[%emt 0:00:04]} 31. b4 {[%emt 0:00:00]} Bxc3
{[%emt 0:00:02]} 32. b5 {[%emt 0:00:01]} Bd4 {[%emt 0:00:02]} 33. Nc6 {[%emt 0:
00:01]} Bc5 {[%emt 0:00:01]} 34. a7 {[%emt 0:00:01]} 1-0

[Event "GER-ch Blitz 2019"]
[Site "Magdeburg"]
[Date "2019.05.25"]
[Round "6.11"]
[White "Stern, Rene"]
[Black "Voege, Tobias"]
[Result "0-1"]
[WhiteElo "2538"]
[BlackElo "2294"]
[Annotator "ChessBase"]
[PlyCount "44"]
[EventDate "2019.05.25"]
[EventType "tourn"]
[EventCountry "GER"]
[Tiebreak "Number of wins+Number of black wins"]
[SourceTitle "playchess.com"]
[Source "ChessBase"]
[SourceQuality "1"]
[TimeControl "180+2"]

1. Nf3 {[%emt 0:00:00]} c5 {[%emt 0:00:00]} 2. c4 {[%emt 0:00:00]} g6 {[%emt 0:
00:00]} 3. e4 {[%emt 0:00:05]} Bg7 {[%emt 0:00:00]} 4. d4 {[%emt 0:00:01]} cxd4
{[%emt 0:00:01]} 5. Nxd4 {[%emt 0:00:01]} Nc6 {[%emt 0:00:01]} 6. Be3 {[%emt 0:
00:01]} Nf6 {[%emt 0:00:01]} 7. Nc3 {[%emt 0:00:01]} Ng4 {[%emt 0:00:04]} 8.
Qxg4 {[%emt 0:00:02]} Nxd4 {[%emt 0:00:02]} 9. Qd1 {[%emt 0:00:03]} e5 {
[%emt 0:00:01]} 10. Ne2 {[%emt 0:00:29]} O-O {[%emt 0:00:15]} 11. a3 {[%emt 0:
00:45]} Qh4 {[%emt 0:00:58]} 12. Qd3 {[%emt 0:00:33]} f5 {[%emt 0:01:08]} 13.
exf5 {[%emt 0:00:03]} d5 {[%emt 0:00:17]} 14. Bxd4 {[%emt 0:00:16]} Bxf5 {
[%emt 0:00:18]} 15. Qg3 {[%emt 0:00:06]} Qxg3 {[%emt 0:00:02]} 16. Nxg3 {
[%emt 0:00:02]} exd4 {[%emt 0:00:00]} 17. Nxf5 {[%emt 0:00:07]} Rae8+ {[%emt 0:
00:02]} 18. Kd1 {[%emt 0:00:16]} Rxf5 {[%emt 0:00:02]} 19. f3 {[%emt 0:00:01]}
Rfe5 {[%emt 0:00:05]} 20. Bd3 {[%emt 0:00:08]} Re3 {[%emt 0:00:05]} 21. Kc2 {
[%emt 0:00:03]} Rc8 {[%emt 0:00:02]} 22. b3 {[%emt 0:00:01]} b5 {[%emt 0:00:08]
} 0-1

[Event "GER-ch Blitz 2019"]
[Site "Magdeburg"]
[Date "2019.05.25"]
[Round "6.12"]
[White "Braeuning, Rudolf Wilhelm"]
[Black "Schulz, Karsten"]
[Result "1/2-1/2"]
[WhiteElo "2285"]
[BlackElo "2227"]
[Annotator "NA"]
[PlyCount "71"]
[EventDate "2019.05.25"]
[EventType "tourn"]
[EventCountry "GER"]
[Tiebreak "Number of wins+Number of black wins"]
[SourceTitle "playchess.com"]
[Source "ChessBase"]
[SourceQuality "1"]
[TimeControl "180+2"]

1. e4 {[%emt 0:00:00]} g6 {[%emt 0:00:00]} 2. d4 {[%emt 0:00:00]} Bg7 {[%emt 0:
00:00]} 3. Nc3 {[%emt 0:00:01]} d6 {[%emt 0:00:01]} 4. Be3 {[%emt 0:00:02]} a6
{[%emt 0:00:01]} 5. f4 {[%emt 0:00:02]} b5 {[%emt 0:00:04]} 6. Bd3 {[%emt 0:00:
01]} Nd7 {[%emt 0:00:02]} 7. Nf3 {[%emt 0:00:01]} c5 {[%emt 0:00:04]} 8. dxc5 {
[%emt 0:00:11]} Nxc5 {[%emt 0:00:12]} 9. Bxc5 {[%emt 0:00:05]} Bxc3+ {[%emt 0:
00:10]} 10. bxc3 {[%emt 0:00:00]} dxc5 {[%emt 0:00:01]} 11. e5 {[%emt 0:00:07]}
Bb7 {[%emt 0:00:07]} 12. Qe2 {[%emt 0:00:21]} Qc7 {[%emt 0:00:05]} 13. O-O {
[%emt 0:00:08]} Nh6 {[%emt 0:00:04]} 14. Ng5 {[%emt 0:00:38]} e6 {[%emt 0:00:
21]} 15. Be4 {[%emt 0:00:21]} Nf5 {[%emt 0:00:10]} 16. Bxb7 {[%emt 0:00:19]}
Qxb7 {[%emt 0:00:01]} 17. Ne4 {[%emt 0:00:02]} O-O {[%emt 0:00:17]} 18. Nf6+ {
[%emt 0:00:05]} Kg7 {[%emt 0:00:03]} 19. g4 {[%emt 0:00:15]} Ne7 {[%emt 0:00:
08]} 20. Rad1 {[%emt 0:00:10]} Rad8 {[%emt 0:00:04]} 21. c4 {[%emt 0:00:14]}
bxc4 {[%emt 0:00:13]} 22. Qxc4 {[%emt 0:00:01]} Nd5 {[%emt 0:00:04]} 23. Nxd5 {
[%emt 0:00:05]} Rxd5 {[%emt 0:00:01]} 24. Rxd5 {[%emt 0:00:02]} Qxd5 {[%emt 0:
00:01]} 25. Qxd5 {[%emt 0:00:03]} exd5 {[%emt 0:00:01]} 26. Rb1 {[%emt 0:00:07]
} Re8 {[%emt 0:00:17]} 27. Kf2 {[%emt 0:00:03]} g5 {[%emt 0:00:03]} 28. Kf3 {
[%emt 0:00:04]} gxf4 {[%emt 0:00:02]} 29. Kxf4 {[%emt 0:00:00]} Re6 {[%emt 0:
00:06]} 30. h4 {[%emt 0:00:06]} h6 {[%emt 0:00:05]} 31. g5 {[%emt 0:00:08]}
hxg5+ {[%emt 0:00:01]} 32. hxg5 {[%emt 0:00:01]} Rc6 {[%emt 0:00:17]} 33. Rd1 {
[%emt 0:00:07]} d4 {[%emt 0:00:04]} 34. Rb1 {[%emt 0:00:04]} c4 {[%emt 0:00:11]
} 35. Ke4 {[%emt 0:00:02]} d3 {[%emt 0:00:06]} 36. cxd3 1/2-1/2

[Event "GER-ch Blitz 2019"]
[Site "Magdeburg"]
[Date "2019.05.25"]
[Round "6.13"]
[White "Carow, Johannes"]
[Black "Heistermann, Till"]
[Result "1/2-1/2"]
[WhiteElo "2445"]
[BlackElo "2181"]
[Annotator "NA"]
[PlyCount "71"]
[EventDate "2019.05.25"]
[EventType "tourn"]
[EventCountry "GER"]
[Tiebreak "Number of wins+Number of black wins"]
[SourceTitle "playchess.com"]
[Source "ChessBase"]
[SourceQuality "1"]
[TimeControl "180+2"]

1. Nf3 {[%emt 0:00:00]} c5 {[%emt 0:00:00]} 2. c4 {[%emt 0:00:03]} g6 {[%emt 0:
00:00]} 3. d4 {[%emt 0:00:01]} cxd4 {[%emt 0:00:00]} 4. Nxd4 {[%emt 0:00:01]}
Bg7 {[%emt 0:00:01]} 5. e4 {[%emt 0:00:01]} Nc6 {[%emt 0:00:01]} 6. Be3 {
[%emt 0:00:01]} d6 {[%emt 0:00:02]} 7. Nc3 {[%emt 0:00:02]} Nf6 {[%emt 0:00:01]
} 8. Be2 {[%emt 0:00:02]} Nxd4 {[%emt 0:00:01]} 9. Bxd4 {[%emt 0:00:02]} O-O {
[%emt 0:00:01]} 10. O-O Bd7 11. Qc2 {[%emt 0:00:13]} Bc6 {[%emt 0:00:03]} 12.
Rad1 {[%emt 0:00:07]} Nd7 {[%emt 0:00:12]} 13. Be3 {[%emt 0:00:02]} a5 {
[%emt 0:00:07]} 14. f4 {[%emt 0:00:09]} Qc7 {[%emt 0:00:02]} 15. Bf3 {[%emt 0:
00:12]} Rfc8 {[%emt 0:00:02]} 16. Qd2 {[%emt 0:00:12]} a4 {[%emt 0:00:12]} 17.
Bg4 {[%emt 0:00:56]} Rd8 {[%emt 0:00:07]} 18. Nd5 {[%emt 0:00:16]} Bxd5 {
[%emt 0:00:01]} 19. cxd5 {[%emt 0:00:01]} Qa5 {[%emt 0:00:26]} 20. Qe2 {
[%emt 0:00:34]} Nc5 {[%emt 0:00:19]} 21. Bxc5 {[%emt 0:00:05]} Qxc5+ {[%emt 0:
00:02]} 22. Kh1 {[%emt 0:00:01]} Qb4 {[%emt 0:00:06]} 23. e5 {[%emt 0:00:07]}
Ra5 {[%emt 0:00:31]} 24. Rf2 {[%emt 0:00:11]} Rc5 {[%emt 0:00:06]} 25. h3 {
[%emt 0:00:17]} Rc4 {[%emt 0:00:04]} 26. a3 {[%emt 0:00:03]} Qc5 {[%emt 0:00:
08]} 27. exd6 {[%emt 0:00:05]} exd6 {[%emt 0:00:02]} 28. Qe7 {[%emt 0:00:02]}
Qc7 {[%emt 0:00:02]} 29. Qxc7 {[%emt 0:00:03]} Rxc7 {[%emt 0:00:01]} 30. Re1 {
[%emt 0:00:02]} h5 {[%emt 0:00:17]} 31. Bd1 {[%emt 0:00:01]} b5 {[%emt 0:00:01]
} 32. Rd2 {[%emt 0:00:03]} Kf8 {[%emt 0:00:03]} 33. Kg1 {[%emt 0:00:01]} Rc5 {
[%emt 0:00:01]} 34. Kf1 {[%emt 0:00:01]} Rdc8 {[%emt 0:00:03]} 35. g4 {[%emt 0:
00:02]} hxg4 {[%emt 0:00:01]} 36. hxg4 {[%emt 0:00:01]} 1/2-1/2

[Event "GER-ch Blitz 2019"]
[Site "Magdeburg"]
[Date "2019.05.25"]
[Round "6.14"]
[White "Barzen, Pascal"]
[Black "Schneider, Ilja"]
[Result "0-1"]
[WhiteElo "2292"]
[BlackElo "2494"]
[Annotator "ChessBase"]
[PlyCount "118"]
[EventDate "2019.05.25"]
[EventType "tourn"]
[EventCountry "GER"]
[Tiebreak "Number of wins+Number of black wins"]
[SourceTitle "playchess.com"]
[Source "ChessBase"]
[SourceQuality "1"]
[TimeControl "180+2"]

1. e4 {[%emt 0:00:00]} d6 {[%emt 0:00:00]} 2. d4 {[%emt 0:00:01]} Nf6 3. Nc3 e5
{[%emt 0:00:00]} 4. Nf3 {[%emt 0:00:05]} exd4 {[%emt 0:00:03]} 5. Nxd4 {
[%emt 0:00:02]} Be7 {[%emt 0:00:01]} 6. Be2 {[%emt 0:00:05]} O-O {[%emt 0:00:
01]} 7. O-O {[%emt 0:00:03]} Re8 {[%emt 0:00:01]} 8. f4 {[%emt 0:00:01]} Bf8 {
[%emt 0:00:00]} 9. Bf3 {[%emt 0:00:01]} c5 {[%emt 0:00:01]} 10. Nde2 {[%emt 0:
00:05]} Nc6 {[%emt 0:00:01]} 11. Be3 {[%emt 0:00:08]} Bg4 {[%emt 0:00:02]} 12.
Ng3 {[%emt 0:00:14]} Bxf3 13. Qxf3 {[%emt 0:00:02]} Nd4 {[%emt 0:00:09]} 14.
Qd1 {[%emt 0:00:09]} Qb6 {[%emt 0:00:16]} 15. Rb1 {[%emt 0:00:01]} Rad8 {
[%emt 0:00:10]} 16. Kh1 {[%emt 0:00:07]} d5 {[%emt 0:00:25]} 17. e5 {[%emt 0:
00:11]} Ne4 {[%emt 0:00:01]} 18. Ngxe4 {[%emt 0:00:13]} dxe4 {[%emt 0:00:02]}
19. Nxe4 {[%emt 0:00:05]} Qg6 {[%emt 0:00:15]} 20. Ng3 {[%emt 0:00:25]} Nxc2 {
[%emt 0:00:08]} 21. Qe2 {[%emt 0:00:09]} Nxe3 22. Qxe3 {[%emt 0:00:01]} Qd3 {
[%emt 0:00:09]} 23. Qe4 {[%emt 0:00:07]} Qxe4 {[%emt 0:00:08]} 24. Nxe4 {
[%emt 0:00:01]} f6 {[%emt 0:00:01]} 25. Rbd1 {[%emt 0:00:19]} fxe5 {[%emt 0:00:
17]} 26. Rxd8 {[%emt 0:00:10]} Rxd8 27. fxe5 {[%emt 0:00:02]} Re8 {[%emt 0:00:
04]} 28. Rf5 {[%emt 0:00:15]} Re6 {[%emt 0:00:10]} 29. g3 {[%emt 0:00:18]} g6 {
[%emt 0:00:03]} 30. Nf6+ {[%emt 0:00:03]} Kg7 {[%emt 0:00:01]} 31. Rf2 {
[%emt 0:00:04]} Be7 {[%emt 0:00:20]} 32. Kg2 {[%emt 0:00:12]} Rxe5 {[%emt 0:00:
03]} 33. Ng4 {[%emt 0:00:05]} Re4 {[%emt 0:00:06]} 34. Kf3 {[%emt 0:00:01]} Re6
{[%emt 0:00:01]} 35. Rc2 {[%emt 0:00:05]} b6 {[%emt 0:00:04]} 36. Ne3 {[%emt 0:
00:01]} Bf6 {[%emt 0:00:06]} 37. b3 {[%emt 0:00:01]} Bd4 {[%emt 0:00:02]} 38.
Nc4 {[%emt 0:00:03]} h5 {[%emt 0:00:04]} 39. h3 {[%emt 0:00:03]} b5 {[%emt 0:
00:03]} 40. Na5 {[%emt 0:00:03]} Re3+ {[%emt 0:00:02]} 41. Kg2 {[%emt 0:00:01]}
Rc3 {[%emt 0:00:25]} 42. Re2 {[%emt 0:00:04]} c4 {[%emt 0:00:07]} 43. bxc4 {
[%emt 0:00:01]} bxc4 {[%emt 0:00:01]} 44. Re4 {[%emt 0:00:02]} Rc2+ {[%emt 0:
00:02]} 45. Kf1 {[%emt 0:00:03]} Rf2+ {[%emt 0:00:02]} 46. Ke1 {[%emt 0:00:01]}
Rxa2 {[%emt 0:00:02]} 47. Rxd4 {[%emt 0:00:11]} Rxa5 {[%emt 0:00:01]} 48. Rxc4
{[%emt 0:00:01]} Ra2 {[%emt 0:00:02]} 49. Rc6 {[%emt 0:00:01]} a5 {[%emt 0:00:
03]} 50. Kf1 {[%emt 0:00:03]} a4 {[%emt 0:00:01]} 51. h4 {[%emt 0:00:01]} a3 {
[%emt 0:00:01]} 52. Ra6 {[%emt 0:00:01]} Kf7 {[%emt 0:00:00]} 53. Kg1 {[%emt 0:
00:02]} Ke7 {[%emt 0:00:01]} 54. Kh1 {[%emt 0:00:03]} Kd7 {[%emt 0:00:01]} 55.
Kg1 {[%emt 0:00:03]} Kc7 {[%emt 0:00:01]} 56. Kh1 {[%emt 0:00:02]} Kb7 {
[%emt 0:00:00]} 57. Rf6 {[%emt 0:00:01]} Rb2 {[%emt 0:00:02]} 58. Rf7+ {
[%emt 0:00:04]} Kc6 {[%emt 0:00:00]} 59. Rf6+ {[%emt 0:00:02]} Kd5 {[%emt 0:00:
01]} 0-1

[Event "GER-ch Blitz 2019"]
[Site "Magdeburg"]
[Date "2019.05.25"]
[Round "6.15"]
[White "Krause, Benedict"]
[Black "Hebbinghaus, Holger"]
[Result "1-0"]
[WhiteElo "2434"]
[BlackElo "2310"]
[Annotator "NA"]
[PlyCount "62"]
[EventDate "2019.05.25"]
[EventType "tourn"]
[EventCountry "GER"]
[Tiebreak "Number of wins+Number of black wins"]
[SourceTitle "playchess.com"]
[Source "ChessBase"]
[SourceQuality "1"]
[TimeControl "180+2"]

1. e4 {[%emt 0:00:00]} Nf6 {[%emt 0:00:00]} 2. e5 {[%emt 0:00:01]} Nd5 {
[%emt 0:00:00]} 3. d4 {[%emt 0:00:00]} d6 {[%emt 0:00:00]} 4. c4 {[%emt 0:00:
02]} Nb6 {[%emt 0:00:00]} 5. exd6 {[%emt 0:00:01]} cxd6 {[%emt 0:00:01]} 6. Nc3
{[%emt 0:00:01]} g6 {[%emt 0:00:01]} 7. Be3 {[%emt 0:00:01]} Bg7 {[%emt 0:00:
00]} 8. Rc1 {[%emt 0:00:01]} O-O {[%emt 0:00:03]} 9. b3 {[%emt 0:00:01]} Bf5 {
[%emt 0:00:02]} 10. Nf3 {[%emt 0:00:11]} d5 {[%emt 0:00:20]} 11. c5 {[%emt 0:
00:01]} Nc8 {[%emt 0:00:01]} 12. b4 {[%emt 0:00:07]} a6 {[%emt 0:00:13]} 13.
Bd3 {[%emt 0:00:08]} Bg4 {[%emt 0:00:07]} 14. Be2 {[%emt 0:00:05]} Nc6 {
[%emt 0:00:07]} 15. a3 {[%emt 0:00:02]} e6 {[%emt 0:00:04]} 16. O-O {[%emt 0:
00:03]} N8e7 {[%emt 0:00:01]} 17. Ne5 {[%emt 0:01:26]} Nxe5 {[%emt 0:00:45]}
18. Bxg4 {[%emt 0:00:01]} Nc4 {[%emt 0:00:31]} 19. a4 {[%emt 0:00:08]} f5 {
[%emt 0:00:26]} 20. Be2 {[%emt 0:00:06]} f4 {[%emt 0:00:24]} 21. Bd2 {[%emt 0:
00:30]} Bxd4 {[%emt 0:00:04]} 22. Bxc4 {[%emt 0:00:01]} dxc4 {[%emt 0:00:01]}
23. Qe2 {[%emt 0:00:01]} e5 {[%emt 0:00:26]} 24. Qxc4+ {[%emt 0:00:07]} Kg7 {
[%emt 0:00:03]} 25. Ne4 {[%emt 0:00:03]} Qd5 {[%emt 0:00:02]} 26. b5 {[%emt 0:
00:18]} axb5 {[%emt 0:00:03]} 27. Qxd5 {[%emt 0:00:02]} Nxd5 {[%emt 0:00:01]}
28. axb5 Rfd8 {[%emt 0:00:03]} 29. c6 {[%emt 0:00:02]} bxc6 {[%emt 0:00:02]}
30. bxc6 {[%emt 0:00:02]} Rac8 {[%emt 0:00:02]} 31. Ba5 {[%emt 0:00:02]} Re8
1-0

[Event "GER-ch Blitz 2019"]
[Site "Magdeburg"]
[Date "2019.05.25"]
[Round "7.1"]
[White "Gustafsson, Jan"]
[Black "Kirchner, Thomas"]
[Result "1-0"]
[WhiteElo "2639"]
[BlackElo "2311"]
[Annotator "ChessBase"]
[PlyCount "111"]
[EventDate "2019.05.25"]
[EventType "tourn"]
[EventCountry "GER"]
[Tiebreak "Number of wins+Number of black wins"]
[SourceTitle "playchess.com"]
[Source "ChessBase"]
[SourceQuality "1"]
[TimeControl "180+2"]

1. d4 {[%emt 0:00:00]} Nf6 {[%emt 0:00:00]} 2. c4 {[%emt 0:00:01]} e5 {[%emt 0:
00:00]} 3. dxe5 {[%emt 0:00:02]} Ng4 {[%emt 0:00:00]} 4. Nf3 {[%emt 0:00:05]}
Bc5 {[%emt 0:00:01]} 5. e3 {[%emt 0:00:01]} Nc6 {[%emt 0:00:01]} 6. Nc3 {
[%emt 0:00:02]} Ngxe5 {[%emt 0:00:01]} 7. Nxe5 {[%emt 0:00:02]} Nxe5 {[%emt 0:
00:01]} 8. Be2 {[%emt 0:00:01]} O-O {[%emt 0:00:02]} 9. O-O {[%emt 0:00:02]}
Re8 {[%emt 0:00:01]} 10. b3 {[%emt 0:00:03]} a5 {[%emt 0:00:00]} 11. Bb2 {
[%emt 0:00:05]} Ra6 12. Ne4 {[%emt 0:00:12]} Bf8 {[%emt 0:00:10]} 13. c5 {
[%emt 0:00:27]} Rh6 {[%emt 0:00:19]} 14. f4 {[%emt 0:00:02]} Nc6 {[%emt 0:00:
02]} 15. Ng5 {[%emt 0:00:18]} d5 {[%emt 0:00:34]} 16. cxd6 {[%emt 0:00:06]}
Bxd6 {[%emt 0:00:15]} 17. Bc4 {[%emt 0:00:03]} Be6 {[%emt 0:00:10]} 18. Nxe6 {
[%emt 0:00:15]} fxe6 {[%emt 0:00:02]} 19. Qg4 {[%emt 0:00:05]} Rg6 {[%emt 0:00:
16]} 20. Qh5 {[%emt 0:00:02]} Rh6 {[%emt 0:00:26]} 21. Qg4 {[%emt 0:00:01]} Rg6
{[%emt 0:00:01]} 22. Qf3 {[%emt 0:00:01]} Kh8 {[%emt 0:00:05]} 23. Rad1 {
[%emt 0:00:04]} Qe7 {[%emt 0:00:04]} 24. g3 {[%emt 0:00:07]} Bc5 {[%emt 0:00:
05]} 25. Kg2 {[%emt 0:00:06]} e5 {[%emt 0:00:43]} 26. Qe4 {[%emt 0:00:01]} exf4
{[%emt 0:00:21]} 27. Qxe7 {[%emt 0:00:02]} Rxe7 {[%emt 0:00:10]} 28. exf4 {
[%emt 0:00:03]} Rd6 {[%emt 0:00:01]} 29. Rxd6 {[%emt 0:00:11]} Bxd6 {[%emt 0:
00:01]} 30. Rd1 {[%emt 0:00:08]} h6 {[%emt 0:00:01]} 31. Kf3 {[%emt 0:00:13]}
Kh7 {[%emt 0:00:01]} 32. Bd5 {[%emt 0:00:04]} Nd8 {[%emt 0:00:03]} 33. h4 {
[%emt 0:00:05]} b6 {[%emt 0:00:02]} 34. h5 {[%emt 0:00:02]} Ne6 {[%emt 0:00:05]
} 35. Kg4 {[%emt 0:00:02]} Nc5 {[%emt 0:00:01]} 36. Bf3 {[%emt 0:00:09]} Re3 {
[%emt 0:00:01]} 37. Bd4 {[%emt 0:00:03]} Re7 {[%emt 0:00:00]} 38. Rd2 Ne6 39.
Bb2 {[%emt 0:00:09]} Nc5 {[%emt 0:00:01]} 40. Bd5 {[%emt 0:00:03]} Ne4 {
[%emt 0:00:04]} 41. Rd4 {[%emt 0:00:05]} Nf6+ {[%emt 0:00:01]} 42. Kf3 {
[%emt 0:00:02]} Nxh5 43. Rc4 {[%emt 0:00:07]} Nf6 {[%emt 0:00:03]} 44. Bc6 {
[%emt 0:00:02]} Kg8 {[%emt 0:00:01]} 45. g4 {[%emt 0:00:01]} Ne8 {[%emt 0:00:
01]} 46. Bd5+ {[%emt 0:00:03]} Kh8 {[%emt 0:00:02]} 47. g5 {[%emt 0:00:02]} Bc5
{[%emt 0:00:02]} 48. gxh6 {[%emt 0:00:02]} Kh7 {[%emt 0:00:01]} 49. hxg7 Nxg7
50. Be4+ {[%emt 0:00:03]} Kg8 {[%emt 0:00:01]} 51. Rc1 {[%emt 0:00:01]} Ne6 {
[%emt 0:00:02]} 52. Rh1 {[%emt 0:00:02]} Nd4+ {[%emt 0:00:01]} 53. Ke3 {
[%emt 0:00:06]} Nf5+ {[%emt 0:00:00]} 54. Kd3 {[%emt 0:00:01]} Nd6 {[%emt 0:00:
05]} 55. Bd5+ {[%emt 0:00:03]} Nf7 {[%emt 0:00:01]} 56. Rh8# 1-0

[Event "GER-ch Blitz 2019"]
[Site "Magdeburg"]
[Date "2019.05.25"]
[Round "7.2"]
[White "Kopylov, Michael"]
[Black "Heidrich, Manfred"]
[Result "1-0"]
[WhiteElo "2413"]
[BlackElo "2351"]
[Annotator "NA"]
[PlyCount "43"]
[EventDate "2019.05.25"]
[EventType "tourn"]
[EventCountry "GER"]
[Tiebreak "Number of wins+Number of black wins"]
[SourceTitle "playchess.com"]
[Source "ChessBase"]
[SourceQuality "1"]
[TimeControl "180+2"]

1. d4 {[%emt 0:00:00]} f5 {[%emt 0:00:00]} 2. g3 {[%emt 0:00:00]} Nf6 {[%emt 0:
00:00]} 3. Bg2 {[%emt 0:00:00]} g6 {[%emt 0:00:00]} 4. c4 {[%emt 0:00:01]} Bg7
{[%emt 0:00:01]} 5. Nf3 {[%emt 0:00:00]} d6 {[%emt 0:00:00]} 6. O-O O-O {
[%emt 0:00:01]} 7. Nc3 {[%emt 0:00:03]} c6 8. Qb3 {[%emt 0:00:01]} Kh8 {
[%emt 0:00:07]} 9. Rd1 Qc7 {[%emt 0:00:06]} 10. Qa3 {[%emt 0:00:03]} Be6 {
[%emt 0:00:18]} 11. d5 {[%emt 0:00:05]} Bg8 {[%emt 0:00:02]} 12. Nd4 {[%emt 0:
00:20]} cxd5 {[%emt 0:00:37]} 13. cxd5 {[%emt 0:00:05]} Na6 {[%emt 0:00:04]}
14. Bg5 {[%emt 0:00:35]} Nc5 {[%emt 0:00:13]} 15. Rac1 {[%emt 0:00:02]} a5 {
[%emt 0:00:08]} 16. Na4 {[%emt 0:00:13]} b6 {[%emt 0:00:08]} 17. Nc6 {[%emt 0:
00:13]} e5 {[%emt 0:00:21]} 18. dxe6 {[%emt 0:00:08]} Bxe6 19. Nc3 Rac8 {
[%emt 0:00:12]} 20. Nb5 {[%emt 0:00:03]} Qf7 {[%emt 0:00:03]} 21. Nxd6 Qg8 {
[%emt 0:00:02]} 22. Ne7 {[%emt 0:00:10]} 1-0

[Event "GER-ch Blitz 2019"]
[Site "Magdeburg"]
[Date "2019.05.25"]
[Round "7.3"]
[White "Svane, Frederik"]
[Black "Ehmann, Thilo"]
[Result "1/2-1/2"]
[WhiteElo "2342"]
[BlackElo "2291"]
[Annotator "NA"]
[PlyCount "111"]
[EventDate "2019.05.25"]
[EventType "tourn"]
[EventCountry "GER"]
[Tiebreak "Number of wins+Number of black wins"]
[SourceTitle "playchess.com"]
[Source "ChessBase"]
[SourceQuality "1"]
[TimeControl "180+2"]

1. e4 {[%emt 0:00:00]} e5 {[%emt 0:00:00]} 2. Nf3 Nc6 3. Bb5 {[%emt 0:00:03]}
a6 {[%emt 0:00:00]} 4. Ba4 {[%emt 0:00:01]} Nf6 {[%emt 0:00:00]} 5. O-O {
[%emt 0:00:02]} Be7 {[%emt 0:00:01]} 6. d3 {[%emt 0:00:01]} b5 {[%emt 0:00:01]}
7. Bb3 {[%emt 0:00:01]} O-O {[%emt 0:00:01]} 8. Nc3 {[%emt 0:00:01]} d6 {
[%emt 0:00:01]} 9. a3 {[%emt 0:00:01]} Nd4 {[%emt 0:00:09]} 10. Nxd4 {[%emt 0:
00:09]} exd4 {[%emt 0:00:01]} 11. Nd5 {[%emt 0:00:01]} Nxd5 {[%emt 0:00:09]}
12. Bxd5 {[%emt 0:00:03]} Rb8 {[%emt 0:00:01]} 13. a4 {[%emt 0:00:08]} Be6 {
[%emt 0:00:14]} 14. Bxe6 {[%emt 0:00:04]} fxe6 {[%emt 0:00:01]} 15. f4 {
[%emt 0:00:02]} Qd7 {[%emt 0:00:02]} 16. b3 {[%emt 0:00:09]} Bf6 {[%emt 0:00:
10]} 17. Qg4 {[%emt 0:00:08]} c5 {[%emt 0:00:12]} 18. f5 {[%emt 0:00:12]} e5 {
[%emt 0:00:08]} 19. Bg5 {[%emt 0:00:10]} Qe7 {[%emt 0:00:18]} 20. Bxf6 {
[%emt 0:00:07]} Qxf6 {[%emt 0:00:01]} 21. axb5 {[%emt 0:00:09]} axb5 {[%emt 0:
00:00]} 22. Ra7 {[%emt 0:00:03]} Rf7 {[%emt 0:00:01]} 23. Rfa1 {[%emt 0:00:08]}
Rbf8 {[%emt 0:00:24]} 24. R1a5 {[%emt 0:00:28]} b4 {[%emt 0:00:09]} 25. R5a6 {
[%emt 0:00:10]} Kh8 {[%emt 0:00:14]} 26. g3 {[%emt 0:00:18]} Kg8 {[%emt 0:00:
20]} 27. Kg2 {[%emt 0:00:03]} Qh6 {[%emt 0:00:04]} 28. Rxf7 {[%emt 0:00:10]}
Rxf7 {[%emt 0:00:01]} 29. Qh4 {[%emt 0:00:58]} Qxh4 {[%emt 0:00:09]} 30. gxh4 {
[%emt 0:00:01]} Rf6 {[%emt 0:00:01]} 31. Kg3 {[%emt 0:00:02]} Kf8 {[%emt 0:00:
04]} 32. Kg4 {[%emt 0:00:01]} Rh6 {[%emt 0:00:02]} 33. Ra8+ {[%emt 0:00:02]}
Kf7 {[%emt 0:00:01]} 34. Ra7+ {[%emt 0:00:01]} Kf8 {[%emt 0:00:01]} 35. Rd7 {
[%emt 0:00:04]} Rf6 {[%emt 0:00:01]} 36. Kg5 {[%emt 0:00:02]} Rh6 {[%emt 0:00:
01]} 37. Rb7 {[%emt 0:00:04]} Rf6 {[%emt 0:00:01]} 38. Rb8+ {[%emt 0:00:01]}
Kf7 {[%emt 0:00:01]} 39. Ra8 {[%emt 0:00:04]} Rh6 {[%emt 0:00:02]} 40. Rh8 {
[%emt 0:00:01]} Ke7 {[%emt 0:00:06]} 41. Ra8 {[%emt 0:00:03]} Rf6 {[%emt 0:00:
02]} 42. Rg8 {[%emt 0:00:02]} Kf7 {[%emt 0:00:01]} 43. Ra8 {[%emt 0:00:01]} Rh6
{[%emt 0:00:02]} 44. Rh8 {[%emt 0:00:01]} Ke7 {[%emt 0:00:01]} 45. h5 {[%emt 0:
00:01]} Kf7 {[%emt 0:00:02]} 46. h4 {[%emt 0:00:01]} Rf6 {[%emt 0:00:17]} 47.
Ra8 {[%emt 0:00:04]} Rh6 {[%emt 0:00:01]} 48. Ra7+ {[%emt 0:00:01]} Kf8 {
[%emt 0:00:01]} 49. Ra8+ {[%emt 0:00:02]} Kf7 {[%emt 0:00:01]} 50. Rh8 {
[%emt 0:00:02]} Rf6 {[%emt 0:00:00]} 51. Ra8 {[%emt 0:00:05]} Rh6 {[%emt 0:00:
01]} 52. Ra1 {[%emt 0:00:01]} Rf6 53. Ra6 {[%emt 0:00:03]} Rh6 {[%emt 0:00:03]}
54. Ra7+ {[%emt 0:00:02]} Kf8 {[%emt 0:00:01]} 55. Ra8+ {[%emt 0:00:03]} Kf7 {
[%emt 0:00:01]} 56. Ra7+ {[%emt 0:00:01] Ke7} 1/2-1/2